| 000 | 00832nam a22002177a 4500 | ||
|---|---|---|---|
| 001 | 84553 | ||
| 003 | BD-RjUL | ||
| 005 | 20241222143043.0 | ||
| 008 | 241222s1953 pk ||||| |||| 00| 0 urd d | ||
| 035 | _a(BD-RjUL)84553 | ||
| 040 |
_aBD-RjUL _beng _cBD-RjUL |
||
| 041 | _aurd | ||
| 082 |
_223 _a891.44109 _bHOB 1953 |
||
| 100 | 1 |
_aهوشیىارپورى، حفیىظ ;; Hoshiarpuri, Hafiz _914710 |
|
| 245 | 1 | 0 |
_aبنگال کا پوتھى ادب / Bangāl kā Pothī adab / _cحفیىظ هوشیىارپورى / Ḥafīz̤ Hoshyārpūrī. |
| 260 |
_aKarācī : _bادارۂ متبوعات پاکستان ;; ,Idāra-e Mat̤būʻāt-i Pākistān, Karācī, _c1953 |
||
| 490 |
_aPakistan pamphlet,; _v no. 11 |
||
| 650 |
_a Bengali literature _vHistory and criticism _914711 |
||
| 830 | _vPakistan pamphlet, no. 11 | ||
| 942 |
_2ddc _cBK |
||
| 999 |
_c84553 _d84553 |
||